000 00427pab a2200157 454500
008 180718b2014 xxu||||| |||| 00| 0 eng d
100 _aMurugesan, D.
245 _aChildren in conflict with the Law: some notable trends and inference
260 _c2014
300 _ap.168-185.
362 _aOct-Dec
650 _aJuvenile delinquency
700 _aRamakrishnan, M.
773 _aIndian Police Journal
909 _a108174
999 _c108169
_d108169